Missing half the story : (Record no. 41655)

MARC details
000 -LEADER
fixed length control field 00699nam a22001937a 4500
005 - DATE AND TIME OF LATEST TRANSACTION
control field 20100813143932.0
010 ## - LCCN (DPL NO)
LC control number ENG-100242
020 ## - INTERNATIONAL STANDARD BOOK NUMBER
International Standard Book Number 9788189884833
Terms of availability 395.00
035 ## - SYSTEM CONTROL NUMBER
System control number EN-83774
037 ## - SOURCE OF ACQUISITION
Source of stock number/acquisition DBAD/PUB
082 ## - DEWEY DECIMAL CLASSIFICATION NUMBER
Classification number 070.4
245 ## - TITLE STATEMENT
Title Missing half the story :
Remainder of title journalism as if gender matters /
Statement of responsibility, etc edited by Kalpana Sharma
260 ## - PUBLICATION, DISTRIBUTION, ETC. (IMPRINT)
Place of publication, distribution, etc New Delhi
Name of publisher, distributor, etc Zubaan
Date of publication, distribution, etc 2010
270 ## - ADDRESS
Address 128 B Shahpur Jat, 1st floor
City New Delhi
Postal code 110049
300 ## - PHYSICAL DESCRIPTION
Extent xx,296p.
Dimensions 22cm (pbk)
650 ## - SUBJECT ADDED ENTRY--TOPICAL TERM
Topical term or geographic name as entry element Tournalism
942 ## - ADDED ENTRY ELEMENTS (KOHA)
Source of classification or shelving scheme Dewey Decimal Classification
Item type English Books
Classification part 070.4
Call number suffix MIS
Holdings
Withdrawn status Lost status Not for loan Collection code Home library Current library Date acquired Source of acquisition Cost, normal purchase price Full call number Barcode Copy number Cost, replacement price Koha item type
    Not For Loan Non-fiction D.B.Act.Division D.B.Act.Division 13/08/2010 DBAD/PUB 395.00 070.4 MIS EN-83774 1 395.00 English Books

© Delhi Public Library
Hit Counter
free hit counter